| 000 | 00561nam a2200121Ia 4500 | ||
|---|---|---|---|
| 008 | 220615s9999||||xx |||||||||||||| ||und|| | ||
| 100 | _aNakanishi, Yumiko | ||
| 245 | 0 | _aContemporary Issues in Human Rights Law: Europe and Asia | |
| 546 | _aEnglish[eng] | ||
| 650 | _aEU fundamental rights||constitutional law||international | ||
| 856 | _uhttps://library.oapen.org/bitstream/20.500.12657/28147/1/1001847.pdf||https://library.oapen.org/bitstream/20.500.12657/28147/1/1001847.pdf||https://library.oapen.org/bitstream/20.500.12657/28147/1/1001847.pdf | ||
| 942 | _cEB | ||
| 999 |
_c18354 _d18354 |
||